000 01672cam a22004814i 4500
003 PE-LiUPU
005 20250731173217.0
008 150625s r 000 0 d
020 _a0826701507
035 _a(Sirsi) i9780826701503
040 _aPE-LiUPU
_bspa
_cPE-LiUPU
_erda
049 _aPRUA
082 0 4 _a220.05
_bUBSTH
_221
100 1 _aEllingworth, Paul,
_eautor.
245 1 2 _aA translator's handbook on the Letter to the Hebrews /
_cpor Paul Ellingworth y Eugene A. Nida.
264 1 _aNew York :
_bUnited Bible Society,
_c1983.
300 _a364 páginas ;
_c24 centímetros
336 _atext
_2rdacontent
337 _aunmediated
_2rdamedia
338 _avolume
_2rdacarrier
490 0 _aUnited Bible Societies. Translator's Handbook
504 _aIncluye bibliografía.
505 0 _aHebreos. -Capítulos.
526 _aSEG42
526 _aSEG41
526 _aSEG40
526 _aSEG39
526 _aP94
526 _aP87
526 _aP86
526 _aP85
526 _aP77
526 _aP76
526 _aP35
630 0 4 _aBiblia.
_pN.T.
_pHebreos
_xCrítica, interpretación, etc..
700 1 0 _aNida, Eugene A.
_q(Eugene Albert),
_d1914-.
942 _2ddc
_cBOOK
949 _a220.05 UBSTH 58
_wDEWEY
_c1
_i38624
_d2016-11-14
_e2016-11-10
_lCCODEBUL1
_mBUL
_n1
_r0
_sY
_tBOOK
_u2015-6-25
_xTEOLOGIA
_zUNKNOWN
_0COMPRA
_o.STAFF. Colección General
994 _aC0
_bPEPRU
596 _a1
999 _a220.05 UBSTH 58
_wDEWEY
_c40947
_i38624
_d40947
_e2016-11-10
_f2021-11-9
_g5
_lCCODEBUL1
_mBUL
_n1
_q2
_r0
_sY
_tBOOK
_u2015-6-25
_xTEOLOGIA
_zUNKNOWN
_0COMPRA
_o.STAFF. Colección General
980 _81
_gALBERTO SANCHEZ Responsable de Automatización